Nuevos horizontes en el arte /

Gorde:
Xehetasun bibliografikoak
Egile Nagusiak: Santana, José, Vega, Eugenia
Formatua: Ezezaguna
Hizkuntza:Spanish
Gaiak:
Etiketak: Etiketa erantsi
Etiketarik gabe, Izan zaitez lehena erregistro honi etiketa jartzen!

MARC

LEADER 000000000a22000000004500
001 002944
041 0 |a spa 
100 1 |a Santana, José 
100 1 |a Vega, Eugenia 
245 1 0 |a Nuevos horizontes en el arte /   |c José Santana, Eugenia Vega. 
310 |a semestral 
650 4 |a ARTE 
773 0 |x 1659-0066  |d San José, Costa Rica : Editorial de la Universidad de Costa Rica  |t Revista Herencia  |g cvolumen 17, número 1 (2005), páginas 81-84 
942 |c ARC 
999 |c 9967  |d 9967